000 00354nam a2200133Ia 4500
008 210210b1976 xxu||||| |||| 00| 0 eng d
082 _aS891.8 BALS
100 _aBALLANTYNE (J R).
245 _aSanskrit first lessons.
260 _aVaranasi
_bchaukhambha orientalia
_c1976
300 _axxiv,104
690 _aSanskrit Miscellaneous
906 _aSG00941
999 _c112600
_d112600